000 00373cam a2200157ua 4500
041 _aeng
_h
082 _a828.09
_bMUL/ST
100 _aMullik, B R .
245 _aStudies in Poets Vol.I Chauce /
_cB R Mullik.
_hTextual Documents
250 _a5 /
_b.
260 _a :
_bS.Chand & CO ,
_c1963.
300 _a78 ; .
504 _a
942 _cBK
999 _c3388
_d3388